000 01016nam a2200313Ia 4500
001 88989
003 IT-RoPAU
008 130308s9999 xx 000 0 und d
040 _aIT-RoPAU
040 _cIT-RoPAU
041 _aFRANCESE
100 _aAA.VV.
100 _gCodice Aut. SPICS: 12000
245 _aTheories esthetiques apres Adorno
245 _bTheories Esthetiques Apres Adorno
250 _a1a ed.
260 _aARLES (Francia)
260 _bActes Sud
260 _c1990 [1° Ed.:1990 - Ed.Ling.Originale:1990]
300 _a"302 p. (prefazione: no ; testo: 302 [pagine: 0-0])"
500 _aTeorie Estetiche Dopo Adorno Introduzione e cura di Rainer Rochlitz Saggi di 5 Autori che Hanno Animato Il Dibattito Sull'Eredità di Adorno nel Corso degli Anni 1970 1980 Bibliografia
650 _aTEORIA/LINGUAGGI DI ICONOLOGIA
650 _eCodice materia Spics: 5153
700 _aRochlitz Rainer
700 _gCodice Aut. SPICS: 15129
942 _cBK
957 _71
999 _c91053
_d91053
999 _g1